| 000 | 00469nam a22001697a 4500 | ||
|---|---|---|---|
| 005 | 20251108173036.0 | ||
| 008 | 250721s9999 xx 000 0 ara d | ||
| 082 | 1 | 4 | _a005.133/طاي |
| 100 | 1 | _aطايل، مظهر | |
| 245 | 1 | 0 | _aالكمبيوتر : لغة واداء باسيك / |
| 264 | 1 |
_aبيروت : _bدار الراتب الجامعية، |
|
| 300 | _a297ص | ||
| 650 | 1 | 7 | _aالحواسيب |
| 650 | 1 | 7 | _aبيسك |
| 942 |
_2ddc _cBK |
||
| 999 |
_c94718 _d94718 |
||